| 000 | 01562nam a2200373Ia 4500 | ||
|---|---|---|---|
| 001 | ebr10658996 | ||
| 003 | CaPaEBR | ||
| 006 | m u | ||
| 007 | cr cn||||||||| | ||
| 008 | 100929s2011 nyua sb 001 0 eng d | ||
| 010 | _z 2010038645 | ||
| 020 | _z1611224128 (hardcover) | ||
| 020 | _z9781611224122 (hardcover) | ||
| 020 | _z9781611226904 (ebook) | ||
| 040 |
_aCaPaEBR _cCaPaEBR |
||
| 035 | _a(OCoLC)831675916 | ||
| 050 | 1 | 4 |
_aTA418.9.N35 _bM655 2011eb |
| 082 | 0 | 4 |
_a660 _222 |
| 245 | 0 | 0 |
_aMolecular self-assembly _h[electronic resource] : _badvances in chemistry, biology, and nanotechnology / _cJames P. Comrie, editor. |
| 260 |
_aNew York : _bNova Science Publishers, _cc2011. |
||
| 300 |
_axi, 268 p. : _bill. (some col.). |
||
| 490 | 1 | _aChemical engineering methods and technology | |
| 490 | 1 | _aBiotechnology in agriculture, industry and medicine | |
| 504 | _aIncludes bibliographical references and index. | ||
| 533 |
_aElectronic reproduction. _bPalo Alto, Calif. : _cebrary, _d2013. _nAvailable via World Wide Web. _nAccess may be limited to ebrary affiliated libraries. |
||
| 650 | 0 | _aNanostructured materials. | |
| 650 | 0 | _aSelf-assembly (Chemistry) | |
| 655 | 7 |
_aElectronic books. _2local |
|
| 700 | 1 | _aComrie, James P. | |
| 710 | 2 | _aebrary, Inc. | |
| 830 | 0 | _aBiotechnology in agriculture, industry and medicine series. | |
| 830 | 0 | _aChemical engineering methods and technology. | |
| 856 | 4 | 0 |
_uhttp://site.ebrary.com/lib/rucke/Doc?id=10658996 _zAn electronic book accessible through the World Wide Web; click to view |
| 999 |
_c166190 _d166190 |
||